000 00962cad a22002415a 4500
001 E149665
008 100406s2009 xxk f f000 0 eng d
020 _a9780101765725
035 _a(Sirsi) u149665
041 0 _aeng
100 2 _aDonaghy, Rita
240 _aRita Donaghy report
245 0 0 _aOne death is too many
_binquiry into the underlying causes of construction fatal accidents
_h[electronic resource]
260 _aKew
_bOPSI
_c2009
490 0 _aCm
_v7657
520 _aPresents the results of an inquiry into the causes of fatal accidents in the construction industry, which was carried out at the behest of the Secretary of State for Work and Pensions. Makes recommendations for future actions.
521 _aAdvanced
590 _aKA
651 4 _aUnited Kingdom
_y
690 _aHealth and safety
_96244
856 4 0 _uhttps://www.dwp.gov.uk/docs/one-death-is-too-many.pdf
_zView the report free of charge at www.dwp.gov.uk
942 _n0
999 _c110592
_d110592